Statistics for Country Groups

Click here to take the quiz!

General Stats

  • This quiz has been taken 68 times
  • The average score is 36 of 42

Answer Stats

HintAnswer% Correct
China/Russia
98%
Countries in the Americas which boarder the Pacific.Canada
97%
Canada
97%
Iran
97%
Russia
97%
USA
95%
Vietnam
95%
Australia
94%
Brazil
94%
Iraq
94%
Chile
92%
Mexico
92%
Laos
90%
Boarder Persian Gulf.Oman
90%
Panama
90%
Saudi Arabia
90%
Cambodia
89%
Countries which the Mekong River passes through.China
89%
Costa Rica
89%
Ecuador
89%
Guatemala
89%
Peru
89%
Thailand
89%
Uk
89%
Largest in their respective continent.Algeria
87%
Kuwait
85%
Spain
85%
Bahrain
84%
El Salvador
84%
Qatar
84%
Uae
84%
Nicaragua
82%
Sweden
82%
Colombia
81%
Netherlands
77%
Norway
77%
Myanmar
76%
Denmark
74%
Hereditary monarchies in Europe.Belgium
73%
Luxembourg
73%
Monaco
73%
Liechtenstein
55%

Score Distribution

Percentile by Number Answered

Percent of People with Each Score

Your Score History

You have not taken this quiz